IFM Opac

THE LAW AND PRACTICE AS TO RECEIVERS (Record no. 17116)

MARC details
000 -LEADER
fixed length control field 00398nam a22001577a 4500
082 ## - DEWEY DECIMAL CLASSIFICATION NUMBER
Classification number 346.078KER
100 ## - MAIN ENTRY--PERSONAL NAME
Personal name KERR
245 ## - TITLE STATEMENT
Title THE LAW AND PRACTICE AS TO RECEIVERS
250 ## - EDITION STATEMENT
Edition statement FOURTEENTH EDITION
260 ## - PUBLICATION, DISTRIBUTION, ETC.
Place of publication, distribution, etc. LONDON
Name of publisher, distributor, etc. SWEET AND MAXWELL
Date of publication, distribution, etc. 1972
300 ## - PHYSICAL DESCRIPTION
Extent li,385p
Other physical details ill;23cm
500 ## - GENERAL NOTE
General note include,index
650 ## - SUBJECT ADDED ENTRY--TOPICAL TERM
Topical term or geographic name entry element the law and practiece as to receivers
700 ## - ADDED ENTRY--PERSONAL NAME
Personal name kerr
942 ## - ADDED ENTRY ELEMENTS (KOHA)
Koha item type Books
Holdings
Withdrawn status Lost status Source of classification or shelving scheme Damaged status Not for loan Home library Current library Shelving location Date acquired Full call number Barcode Date last seen Price effective from Koha item type
    Dewey Decimal Classification     IFM Main Campus Library IFM Main Campus Library   07/28/2017 346.078KER 0000008424 07/28/2017 07/28/2017 Books